Geography Quiz

Random Geography or State Quiz

States Smaller than Puerto Rico Minefield Quiz Stats

Quiz Updated Oct 8, 2015

Challenge
Share
Tweet
Embed
Score 0/23 Timer 05:00
17 Plays Today
# State % Correct
15???
70.5%
22???
63.4%
16???
62.2%
20???
61.4%
18???
60.5%
21???
59.3%
13???
57.1%
19???
56.8%
14???
56.1%
11???
55.5%
17???
51.5%
12???
45.5%
# State % Correct
10???
39.2%
1???
37.8%
2???
35.8%
6???
34.5%
5???
33.3%
8???
32.8%
9???
26.4%
7???
26.3%
4???
25.8%
3???
18.9%
MINE???
6.2%

You're not logged in!

Compare scores with friends on all Sporcle quizzes.
Join for Free
OR
Log In

You Might Also Like...

Show Comments

Extras

Top Quizzes Today


Score Distribution

Your Account Isn't Verified!

In order to create a playlist on Sporcle, you need to verify the email address you used during registration. Go to your Sporcle Settings to finish the process.

Report this User

Report this user for behavior that violates our Community Guidelines.

Details: